000 00589nam a2200193Ia 4500
003 GCL
008 140319s9999 xx 000 0 ara d
020 _a9285411977
040 _aGCL /
_cGCL
082 0 4 _a928.1
_bع ن
100 1 _aعادل حسنين
245 1 0 _aنجيب محفوظ حياة حافلة /
_cعادل حسنين
260 _aالقاهرة :
_bدار امادو للنشر ،
_c2002
300 _a122 ص ؛
_c20 سم
650 0 4 _aالتراجم الادبية
650 0 4 _aنجيب محفوظ
650 0 4 _aالادباء العرب - مصر
942 _2ddc
_cBK
999 _c4661
_d4661